000 01165nam a22002895i 4500
001 54000
003 ES-MaACL
005 20250714063108.0
007 t|
008 960709s1884 sp ||||1| spa d
040 _aCAM
_bspa
_cCAM
080 _a821.134.2-14"18"
100 1 _aFerrari, Emilio,
_d1853-1907
_eaut
_950308
245 1 0 _aPedro Abelardo :
_bpoema /
_cEmilio Ferrari.
260 _aMadrid :
_bLibrería Gutenberg :
_bLibrería de Fernando Fe,
_c1884
_f(Imp. de E. Rubiños)
300 _a77 páginas ;
_c18 cm.
530 _aDisponible en formato digital
655 7 _2tgfbne
_9176539
_aPoesías
852 _aES-MaACL
_cDEPO2
_hDonativo Roda
_jL-4898(5-2)
852 _aES-MaACL
_cDEPOF
_hLegado M. de Lafuente
_jFol-Laf-535
852 _aES-MaACL
_cDEPOF
_jT-403-F-10
856 _uhttps://bdh-rd.bne.es/viewer.vm?id=0000140893&page=1
_yVersión en línea
_z(Biblioteca Digital Hispánica)
856 _uhttps://bibliotecadigital.jcyl.es/es/consulta/registro.do?id=19247
_yVersión en línea
_z(Biblioteca Digital de Castilla y León (BDCYL))
942 _2udc
_cFOLLETOS
_n0
999 _c54000
_d54000